Electromagnetic Waves and Radiating Systems (Record no. 1227)
[ view plain ]
| 000 -LEADER | |
|---|---|
| Fixed length control field | 00578nam a2200193 4500 |
| 003 - CONTROL NUMBER IDENTIFIER | |
| Control field | SEACOMEC |
| 005 - DATE AND TIME OF LATEST TRANSACTION | |
| Control field | 20240528125415.0 |
| 008 - FIXED-LENGTH DATA ELEMENTS--GENERAL INFORMATION | |
| Fixed length control field | 240528b |||||||| |||| 00| 0 eng d |
| 020 ## - INTERNATIONAL STANDARD BOOK NUMBER / ISBN | |
| International Standard Book Number | 9788120300545 |
| Price | 195.00 |
| 040 ## - CATALOGING SOURCE | |
| Original cataloging agency | SEACOMEC |
| 082 ## - DEWEY DECIMAL CLASSIFICATION NUMBER | |
| Classification number | 539.2 |
| Book Number | J82 |
| 100 ## - MAIN ENTRY--PERSONAL NAME | |
| Personal name | Jordon, Eduard. C. |
| 245 ## - TITLE STATEMENT | |
| Title | Electromagnetic Waves and Radiating Systems |
| Statement of responsibility | Edward C. Jordon and, Keith G. Balmain |
| 250 ## - EDITION STATEMENT | |
| Edition statement | 2nd ed |
| 260 ## - IMPRINT | |
| Place of publication | New Delhi |
| Name of publisher | Prentice-Hall of India Pvt Ltd |
| Date of publication | 2003 |
| 650 ## - SUBJECT ADDED ENTRY--TOPICAL TERM | |
| Topical term | Physics - Electromagnetics - Waves |
| 700 ## - ADDED ENTRY--PERSONAL NAME | |
| Personal name | Balmain, Keith G. |
| 942 ## - ADDED ENTRY ELEMENTS (KOHA) | |
| Koha item type | Books |
| Withdrawn status | Lost status | Source of classification | Damaged status | Not for loan | Home library | Current library | Date acquired | Total Checkouts | Call number | Accession number | Date last seen | Price effective from | Koha item type |
|---|---|---|---|---|---|---|---|---|---|---|---|---|---|
| Dewey Decimal Classification | SEACOM ENGINEERING COLLEGE | SEACOM ENGINEERING COLLEGE | 28/05/2024 | 539.2 J82 | 5510 | 28/05/2024 | 28/05/2024 | Books |
